Top 10 des pays au guide Michelin - Statistiques

Statistiques générales
  • Ce quiz a été pris 115 fois
  • Le résultat moyen est 9 sur 10
Statistiques - réponses
Hint Réponse % Correct
639 France
100%
229 Etats-Unis
96%
392 Italie
96%
122 Chine
94%
269 Espagne
94%
393 Japon
94%
313 Allemagne
91%
187 Royaume-Uni
91%
134 Suisse
75%
143 Belgique
64%
Aucun quiz correspondant
Distribution des résultats
% des personnes avec chaque résultat
Percentile par nombre de réponses
Votre historique - résultats
Vous n’avez pas pris ce quiz